000 00329nam a22001337a 4500
008 171226b xxu||||| |||| 00| 0 eng d
020 _a9781435427563
041 _aeng
080 _24TH
_a615.83
100 _a8
101 _aEGZ
245 _aHEALTH ASSESSMENT& PHYSICAL EXAMINATION
_cESTES,M.E.Z
942 _2udc
_cBK
999 _c39367
_d39367